Compresion de imagenes estaticas mediante la utilizacion de la transformada discreta wavelet

Uloženo v:
Podrobná bibliografie
Hlavní autor: Acuna Cordoba,Andres Alonso
Médium: Diplomová práce Kniha
Jazyk:Undetermined
Vydáno: 2001
Témata:
Tagy: Přidat tag
Žádné tagy, Buďte první, kdo vytvoří štítek k tomuto záznamu!

MARC

LEADER 00000nam a2200000Ia 4500
001 8873
008 140114s9999 xx 000 0 und d
100 |a Acuna Cordoba,Andres Alonso 
245 |a Compresion de imagenes estaticas mediante la utilizacion de la transformada discreta wavelet 
260 |c 2001 
500 |a NULL 
502 |a Escuela de ingenieria Electrica 
650 |z IMAGENES ESTATICAS 
999 |c 12554  |d 12554